000 00545nam a2200205Ia 4500
003 OSt
005 20220926044904.0
006 a|||||r|||| 00| 0
007 ta
008 220923b |||||||| |||| 00| 0 eng d
037 _cGeneral Book
040 _aRTL
_cRTL
_beng
041 _2eng
_aeng
082 _aX71, p7K8
100 _aRegul Rudolf Ed.
_9349515
245 0 _aBudget today
_b Public finance and the market econom
260 _c1968
942 _hX71, p7K8
_cGB
_2CC
999 _c676099
_d676099